000 01085cam a22002771 4500
001 gs 39000117
003 DLC
005 20260227111344.0
008 760430s1938 gaua 000 0 eng c
010 _ags 39000117
035 _a(OCoLC)2150114
040 _aU.S. Geol. Survey. Library
_cGAT
_dOCoLC
_dDLC
042 _apremarc
050 0 0 _aTN24.G4
_bF78
100 1 _aFurcron, A. S.
245 1 0 _aMineral resources of Georgia,
_cby A.S. Furcron, A.C. Munyan, Garland Peyton and Richard W. Smith.
260 _a[Atlanta]
_c1938.
300 _a104 p. incl. illus., tables.
_c23 cm.
500 _aAt head of title: State of Georgia ... Department of Natural Resources ... Division of Mines, Mining and Geology ... Geological Survey of Georgia.
500 _a"Glossary": p. 100-104.
650 0 _aMines and mineral resources
_zGeorgia.
700 1 _aMunyan, Arthur Claude,
_d1908-
_ejoint author.
700 1 _aPeyton, Garland,
_d1892-
_ejoint author.
700 1 _aSmith, Richard W.
_q(Richard Wellington),
_d1898-
_ejoint author.
710 1 _aGeorgia.
_bGeological Survey, 1890.
999 _c27533
_d27533